000 00877nam a22002657a 4500
001 2457
003 FISKH
005 20231208155821.0
008 231208b cb ||||| |||| 00| 0 eng d
020 _a078073003501
040 _aFISKH
_beng
_cFISKH
_dFISKH
050 _aPZ8.S6496
082 _a782.421723
100 _aSmith, Dick
245 _aWinter wonderland /
_cWords by Dick Smith ; Music by Felix Bernard ; illustrations by Jacqueline Rogers
260 _aNew York :
_bScholastic,
_c1934.
300 _a32 unnumbered pages :
_bcolor illustrations ;
_c21 cm
505 _aJ
520 _aA delightfully illustrated version of one of the most popular holiday songs of all time!
521 8 _a470
_bLexile AD
521 8 _aJ
_bRaz-Plus
650 _aWinter
_vJuvenile literature
700 _aRogers, Jacqueline
_eillustrator
942 _2ddc
_cBK
_n0
999 _c2457
_d2457